000 00781cab a2200205 4500
001 ABS38438
008 090401t1987 xxu||||| |||| 00| 0 eng d
035 _a(Sirsi) u10595
041 _aeng
100 _aBruton, M.J
245 2 _aA future for development plans
260 _c1987
350 _a0
490 _aJPL
_v(1987) , 687-703 (17)
520 _aIn the light of Government plans to reform development plans, this article outlines the nature of the planning process within which such plans will be operating; discusses the DOE `s 1986 assessment of the present system; reviews the current proposals for reform and suggests workable alternatives. References.
690 _aPLANNING LAW AND PRACTICE
700 _aNicholson, D.J.
942 _n0
948 _c04/03/1997
999 _c6706
_d6706